Sổ tay trồng dâu nuôi tằm

Salvato in:
Dettagli Bibliografici
Autore principale: Phạm Văn Phan
Natura: Libro
Lingua:Undetermined
Pubblicazione: Hà Nội Nông nghiệp 1979
Soggetti:
Tags: Aggiungi Tag
Nessun Tag, puoi essere il primo ad aggiungerne! !
Thư viện lưu trữ: Trung tâm Học liệu Trường Đại học Cần Thơ
LEADER 00523nam a2200169Ia 4500
001 CTU_13232
008 210402s9999 xx 000 0 und d
082 |a 634.38 
082 |b Ph105 
100 |a Phạm Văn Phan 
245 0 |a Sổ tay trồng dâu nuôi tằm 
245 0 |c Phạm Văn Phan, Lê Thị Kim, Vũ Cao Thuyên 
260 |a Hà Nội 
260 |b Nông nghiệp 
260 |c 1979 
650 |a fruit-culture,mulberry,silkworms 
980 |a Trung tâm Học liệu Trường Đại học Cần Thơ